000 00296nam a22001337a 4500
008 170309b xxu||||| |||| 00| 0 eng d
020 _a9780071215336
041 _aeng
080 _210 ED
_a611
100 _a6
101 _aSHM
245 _aHUMAN ANATOMY PHYSIOLOGY
_cSHIER.D
942 _2udc
_cBK
999 _c7293
_d7293